Consumer comments on SMR from Europe (Record no. 56220)

MARC details
000 -LEADER
fixed length control field 00340nam a2200121Ia 4500
100 ## - MAIN ENTRY--AUTHOR NAME
Personal name Heal C J A
245 #0 - TITLE STATEMENT
Title Consumer comments on SMR from Europe
260 ## - PUBLICATION, DISTRIBUTION, ETC. (IMPRINT)
Name of publisher Proceedings of the RRIM Planters Conference, Kuala Lumpur, 1973; p313-320
650 ## - SUBJECT ADDED ENTRY--TOPICAL TERM
Topical Term Europe
650 ## - SUBJECT ADDED ENTRY--TOPICAL TERM
Topical Term SMR
942 ## - ADDED ENTRY ELEMENTS (KOHA)
Koha item type Journals
Holdings
Withdrawn status Lost status Damaged status Not for loan Home library Current library Shelving location Date acquired Koha item type
      Journals RRII Library RRII Library Agricultural economics 17/12/2021 Journals